| 000 | 00000nam 22000008a 4500 |
| 001 | 9.841661 |
| 003 | CaOODSP |
| 005 | 20221107152136 |
| 007 | cr ||||||||||| |
| 008 | 170915s1983 onc o f000 0 eng d |
| 040 | |aCaOODSP|beng |
| 043 | |an-cn-ab |
| 086 | 1 |aR5-376/1983E-PDF |
| 245 | 00|aAlexis Band educational evaluation |h[electronic resource] / |cR. & F. Consulting. |
| 260 | |a[Ottawa] : |bEvaluation Branch, Corporate Policy, D.I.A.N.D., |c1983. |
| 300 | |a[224] p. |
| 500 | |a"May 25, 1983." |
| 500 | |aDigitized edition from print [produced by Indigenous and Northern Affairs Canada]. |
| 504 | |aIncludes bibliographical references. |
| 520 | |aAn evaluation of the education system at Alexis Band was conducted at the request of the Alexis Education Committee. |
| 692 | 07|2gccst|aAboriginal youth |
| 692 | 07|2gccst|aEducation |
| 692 | 07|2gccst|aAssessment |
| 710 | 2 |aR. & F. Consulting. |
| 710 | 1 |aCanada. |bIndian and Northern Affairs Canada. |
| 856 | 40|qPDF|s5.97 MB|uhttps://publications.gc.ca/collections/collection_2017/aanc-inac/R5-376-1983-eng.pdf |